|
|
|
|
| LEADER |
00594nam a22001697a 4500 |
| 020 |
|
|
|a 9788177023923
|
| 082 |
|
|
|a S 294.592 1
|b NEE/V
|
| 100 |
|
|
|a Neelam Patak
|9 97696
|
| 245 |
|
|
|a Vaidek chintan ki parampara/
|c by Neelam Patak
|
| 260 |
|
|
|a Newdelhi:
|b Pratibha Prakashan,
|c 2016.
|
| 300 |
|
|
|a 232p.
|
| 650 |
|
|
|a Vedic Literature
|9 97697
|
| 650 |
|
|
|a Hinduism
|9 97698
|
| 650 |
|
|
|a Religion
|9 97699
|
| 942 |
|
|
|c BK
|
| 999 |
|
|
|c 140619
|d 140619
|
| 952 |
|
|
|0 0
|1 0
|4 0
|6 S_294_592000000000000_1_NEE_V
|7 0
|9 96862
|a SSUS
|b SSUS
|c STACKS
|d 2019-01-10
|g 795.00
|l 1
|o S 294.592 1 NEE/V
|p 092725
|r 2019-07-10
|s 2019-07-04
|w 2019-01-10
|y BK
|